000 00674 a2200193 4500
001 62940
005 20260407155923.0
008 260407a1974 arg spa d
003 AR-UNSa-BCEJYS
040 _aAR-UNSa-BCEJYS
_bspa
_cAR-UNSa-BCEJYS
080 _a35
_xAdministración Pública
245 1 0 _aIV Congreso nacional de administración pública
264 1 _aMendoza :
_bUniversidad Nacional de Cuyo. Facultad de Ciencias Políticas y Sociales
_c1974
300 _a582 p.
_c22 cm.
041 _aspa
942 _cBK
590 _aniveau_biblio:m niveau_hierar:0
100 1 _aCongreso Nacional de Administración Pública (4º : 1973. abr. 16-18 : Mendoza, Argentina)
999 _c7887
_d7887